000 003260000a22001450004500
001 005611
003 MACL
040 _aMACL
090 _c17604
_d17603
245 _aAsraar e Haqeeqat
_bKhan Mufti Mohd Ahsan Ali
260 _aAbul Alaai Press Agra,
_c1321
350 _a0.19
650 _aUrdu Literature
942 _k891
_cBook
999 _c17493
_d17493